| 000 | 00397nam a2200133Ia 4500 | ||
|---|---|---|---|
| 008 | 210210b1971 xxu||||| |||| 00| 0 eng d | ||
| 082 | _a332 FRAI | ||
| 100 | _aFRAZER (William J) & YOHE (William P). | ||
| 245 | _aIntroduction to the analytics & institutions of money & banking. | ||
| 260 |
_aLondon. _bVan Nostrand Reinhold Co., _c1971 |
||
| 300 | _avii,682 | ||
| 690 | _aBanking | ||
| 906 | _a034354 | ||
| 999 |
_c85239 _d85239 |
||